1440 1178 1825 1339 1113 1872 1005 1505 1748 1796 1245 1227 1266 1494 1401 1111 1989 1945 1990 1473 1455 1139 1841 1768 1135 1830 1986 1548 1494 1749 1883 1736 1148 1685 1964 1240 1501 1879 1025 1929 1209 1541 1815 1446 1130 1203 1053 1885 1619 1339 1727 1001 1960 1569 1526 1145 1255 1929 1776 1380 1569 1920 1522 1824 1373 1725 1742 1327 1606 1687 1394 1866 1519 1721 1169 1201 1684 1360 1925 1347 1346 1398 1798 1791 1622 1535 1309 1666 1196 1123 1486 1104 1445 1376 1649 1667 1796 1083 1791 BCNSPRNW ULIB Ver.6.0+V

เปลี่ยนเป็นภาษาไทย

Change to English
 แสดงรายละเอียดบรรณานุกรม
  กลับหน้าหลัก

Brief Record : Get Marc (ISO 2709) : E-mail record : QR code < ปิดหน้าต่าง
LEADER : 00000nam 2200000uu 4500
001    13399113547
003     ULIB
008    111125s2551||||th 000 0 tha d
020    ^a9789740463634
090    ^aนว.^bค310บ 2551
100 0  ^aคาซี (ปราณธร)
245 00 ^aบัลลังก์รักบนเนินทราย/^cคาซี (ปราณธร)
250    ^aพิมพ์ครั้งที่ 2
260    ^aกรุงเทพฯ :^bแจ่มใส,^c2551
300    ^a200 หน้า
710 1  ^aแจ่มใส
945    ^p149^l0^i16293
995    ^aกัณชพร
999    ^aใช้งานได้ทุกระบบ
รายการนี้ยังไม่มีแท็ก
คุณยังไม่ได้ล็อกอิน คุณสามารถมีกิจกรรมร่วมกับเว็บไซต์ได้ แต่ต้องล็อกอินก่อน ::
  ล็อกอิน

รายการสื่อสารสนเทศ

ลำดับที่ ประเภท เลขเรียก/บาร์โค้ด สถานที่ สถานะ
1. วิทยาศาสตร์การแพทย์ และสุขภาพ
วิทยาศาสตร์การแพทย์ และสุขภาพ
นว. ค310บ 2551  
  Barcode: 16293
ห้องสมุดวิทยาเขตสวรรค์ประชารักษ์
►นวนิยาย
บนชั้น
  ขอยืม

BibComment


ยังไม่เคยถูกคอมเมนท์

คอมเมนท์ทรัพยากรรายการนี้
  คอมเมนท์: บัลลังก์รักบนเนิ..


 Copyright 2026. Bcnsprnw @Library